Le Paraguay pour les touristes... - Facile - Statistiques

Statistiques générales
  • Ce quiz a été pris 4 fois
  • Le résultat moyen est 13 sur 20
Statistiques - réponses
Question Indice Réponses Indice facile % Correct
La vitesse est limitée hors des villes à {100} km/h
100%
Combien d'heures (environ) mettrez-vous pour vous y rendre ? (en chiffres) 14
100%
Dans la capitale quel est le décalage horaire avec Paris ? (+ ou - et chiffre) ex - 10 - 6
100%
Le principal aéroport est A Asuncion
100%
La conduite se fait à droite ou à gauche ? Droite
100%
Quelles sont les langues officielles ? Espagnol
100%
Avez-vous besoin d'un visa ? (oui/non) Non
100%
Le suffixe internet est py
100%
Quel est le climat local ? T Tropical
100%
La religion majoritaire est Catholicisme C
75%
Achats à faire 1/ Travail délicat en fil Dentelle TENDELLE
75%
Achats à faire 2/ Bijoux de Luque QUELU
75%
Quelles sont les langues officielles ? G Guarani
50%
Quelle est la monnaie ? Guarani G
50%
Achats à faire 3/ Instrument de musique un peu encombrant Harpe PRAHE
50%
Achats à faire 4/ Verre typique, verre à Tereré RETREE
25%
Quelles sont les principaux lieux touristiques ? E Encarnacion CV
0%
Quelles sont les principaux lieux touristiques ? T Jesus del {Tavarangue} AUVERGNATA
0%
Comment se nomme la principale compagnie aérienne locale L P LATAM Paraguay ALPAGUATAAMRY
0%
Quelles sont les principaux lieux touristiques ? Y Parc national {Ybycui} CUBIYY
0%
Aucun quiz correspondant
Distribution des résultats
% des personnes avec chaque résultat
Percentile par nombre de réponses
Votre historique - résultats
Vous n’avez pas pris ce quiz